North Carolina A-Z - Statistics

General Stats
  • This quiz has been taken 269 times
    244 since last reset
  • The average score is 16 of 25
Answer Stats
Hint Answer % Correct
A Mountain range west of the state Appalachians
95%
D Major city near Raleigh Durham
90%
U Wake Forest, Duke, e.g. University
89%
K Famous donut chain Krispy Kreme
88%
J Duelist U.S. President Andrew Jackson
87%
O North Carolina's barrier islands Outer Banks
82%
P NFL team of North Carolina Panthers
80%
R Region of the state in which Raleigh is located {Research} Triangle
78%
H Charlotte-based basketball team owned by Michael Jordan Hornets
76%
Z "The Hangovers" actor {Zach} Galifianakis
73%
C State bird Cardinal
71%
T Someone from North Carolina Tar Heel
69%
B Vanderbilt estate in Asheville Biltmore
68%
W Most populous coastal city Wilmington
68%
N Charlotte is home this sport's "Hall of Fame" NASCAR
65%
L Nickname of "Roanoke Colony" Lost Colony
64%
V First English person born in the New World {Virginia} Dare
64%
G Most-visited National Park in the United States Great Smoky Mountains
58%
Q Name of the ship Blackbeard ran in Beaufort Inlet in 1718 {Queen} {Anne}'s Revenge
55%
M Tallest peak in A Mount Mitchell
48%
E Type of North Carolinian barbecue Eastern
43%
I Nickname of NASCAR driver Dale Earnhardt Intimidator / Ironhead
37%
F North Carolina's slogan First in Flight
30%
Y Major river C is near to Yadkin
19%
S "Feeling Good" singer Nina Simone
14%
No matching quizzes found
Score Distribution
Percent of People with Each Score
Percentile by Number Answered
Your Score History
You have not taken this quiz since the last reset